| 000 | 00539nam a22001815i 4500 | ||
|---|---|---|---|
| 001 | 54085 | ||
| 003 | ES-MaACL | ||
| 005 | 20250912063039.0 | ||
| 007 | t| | ||
| 008 | 960710s1899 it ||||1| ita d | ||
| 040 |
_aCAM _bspa _cCAM |
||
| 100 | 1 |
_aFerri, Enrico, _d1856-1929 _950564 |
|
| 245 | 1 | 0 |
_aDifese penali e studi de giurisprudenza / _cE. Ferri. |
| 260 |
_aTorino : _bFratelli Bocca editori, _c1899 ( _fTip. succ. A. Baglione) |
||
| 300 |
_aXIX, 469 p. ; _c24 cm. |
||
| 852 |
_aES-MaACL _jF-9402 |
||
| 999 |
_c54085 _d54085 |
||